000 01414nam a2200325 i 4500
001 bg
111 2 _aKrajowa Konferencja Automatyki
_n(14 ;
_d2002 ;
_cZielona Góra).
245 0 4 _aXIV Krajowa Konferencja Automatyki :
_bZielona Góra 24-27 czerwca 2002.
_nT. 1 /
_cred. nauk. Zdzisław Bubnicki, Józef Korbicz ; org. Instytut Sterowania i Systemów Informatycznych Uniwersytetu Zielonogórskiego, współorg. Komitet Automatyki i Robotyki Polskiej Akademii Nauk, Polskie Stowarzyszenie Pomiarów Automatyki i Robotyki Polspar.
260 _aZielona Góra :
_bUZ,
_c2002.
300 _a622 s. :
_bil. ;
_c29 cm.
500 _aStreszcz. ang. przy ref.
504 _aBibliogr. przy ref.
650 9 _aAutomatyka
650 9 _aInteligencja sztuczna
650 9 _aSterowanie
_xautomatyzacja
650 9 _aSystemy ekspertowe
655 _aMateriały konferencyjne
700 1 _aBubnicki, Zdzisław
_d(1938-2006).
_eRed.
700 1 _aKorbicz, Józef.
_eRed.
710 0 _aUniwersytet Zielonogórski
_bInstytut Sterowania i Systemów Informatycznych
710 0 _aPolska Akademia Nauk
_bKomitet Automatyki i Robotyki
710 0 _aPolskie Stowarzyszenie Pomiarów, Automatyki i Robotyki POLSPAR
020 _a8389044609 (2 t.)
040 _cBPK
041 0 _apol
_beng
080 _a681.5:007:004.8](061)
920 _a83-89044-60-9 (2 t.)
942 _cKS
008 s pl f |000 0 pol
999 _c42655
_d42655
856 _uhttp://koha.tu.koszalin.pl/cgi-bin/koha/opac-detail.pl?biblionumber=42655
_yKatalog online BPK